Music Quiz

Random Music or Lyrics Quiz

Queen's Famous First Verses Quiz Stats

 Plays Quiz Updated Aug 1, 2014

Support Sporcle.
Go Orange.
Score 0/208 Timer 09:00
3 Plays Today
Song Answer % Correct
Bohemian RhapsodyI
98.1%
Don't Stop Me NowI
98.1%
Bohemian Rhapsodya
97.9%
Bohemian Rhapsodya
97.9%
Don't Stop Me Nowa
97.9%
Don't Stop Me Nowa
97.9%
Don't Stop Me Nowa
97.9%
Killer Queena
97.9%
We Are the Championsa
97.9%
We Will Rock Youa
97.9%
We Will Rock Youa
97.9%
We Will Rock Youa
97.9%
Bohemian Rhapsodythe
95.3%
Bohemian Rhapsodythe
95.3%
Bohemian Rhapsodythe
95.3%
Don't Stop Me Nowthe
95.3%
We Will Rock Youthe
95.3%
We Will Rock Youthe
95.3%
Bohemian Rhapsodyno
94.1%
Bohemian Rhapsodyno
94.1%
We Are the Championsno
94.1%
Bohemian Rhapsodyjust
93.8%
Bohemian Rhapsodyjust
93.8%
Killer Queenjust
93.8%
We Will Rock Youyo'
92.9%
Bohemian Rhapsodygo,
92.8%
Killer Queenyou
92.4%
We Will Rock YouYou
92.4%
We Will Rock Youyou
92.4%
Bohemian Rhapsodyme...
91.8%
Bohemian Rhapsodyme.
91.8%
Don't Stop Me Nowme
91.8%
Don't Stop Me Nowme,
91.8%
Bohemian Rhapsodyin
91.7%
Don't Stop Me Nowin
91.7%
Killer Queenin
91.7%
We Are the Championsin
91.7%
We Will Rock Youin
91.7%
Killer Queenan
91.4%
Bohemian RhapsodyI'm
90.5%
Bohemian RhapsodyI'm
90.5%
Don't Stop Me NowI'm
90.5%
Don't Stop Me NowI'm
90.5%
Don't Stop Me NowI'm
90.5%
Bohemian Rhapsodyyour
90.3%
We Will Rock Youyour
90.3%
Bohemian Rhapsodyreal
90.2%
Don't Stop Me Nowreal
90.2%
Bohemian Rhapsodyto
90.1%
Bohemian Rhapsodyto
90.1%
Bohemian Rhapsodyto
90.1%
Bohemian Rhapsodyboy.
90%
We Will Rock Youboy,
90%
Killer Queen&
89.7%
Bohemian RhapsodyIs
89.5%
Bohemian RhapsodyIs
89.5%
Bohemian Rhapsodyand
89.4%
Don't Stop Me Nowand
89.4%
Killer Queenand
89.4%
We Are the ChampionsAnd
89.4%
Bohemian Rhapsodythis
88.5%
Bohemian Rhapsodythis
88.5%
Bohemian Rhapsodypoor
87.6%
Bohemian Rhapsodylife?
87.5%
Bohemian Rhapsodyfantasy?
87.1%
We Will Rock Yoube
86.9%
Bohemian Rhapsodyfrom
86.9%
Don't Stop Me Nowtime.
86.2%
Don't Stop Me Nowtime—
86.2%
Don't Stop Me Nowtime!
86.2%
Song Answer % Correct
Killer Queentime—
86.2%
We Are the Championstime
86.2%
We Are the Championstime.
86.2%
Bohemian Rhapsodycome,
85.6%
We Are the Championscome
85.6%
Bohemian Rhapsodyreality.
85.4%
Bohemian Rhapsodyescape
84.9%
We Are the Championsmy
83.9%
We Are the Championsmy
83.9%
We Are the Championsmy
83.9%
We Are the Championsmy
83.9%
Bohemian Rhapsodysee.
83.9%
Bohemian Rhapsodyeasy
83.6%
Bohemian Rhapsodyeasy
83.6%
Bohemian Rhapsody...caught
83.4%
Bohemian Rhapsodylandslide,
82.9%
Bohemian Rhapsodylittle
82.7%
Bohemian Rhapsodylittle
82.7%
Bohemian Rhapsodyup
82%
Bohemian Rhapsodylook
81.7%
Bohemian Rhapsodyhigh,
81.2%
Bohemian Rhapsodyeyes,
81.1%
Bohemian Rhapsodylow—
81%
Bohemian RhapsodyOpen
80.6%
Bohemian Rhapsodymatter
80.5%
Bohemian Rhapsodyreally
80.3%
Bohemian Rhapsodyneed
79.8%
Bohemian Rhapsodywind
79.7%
Bohemian Rhapsodyblows
79.4%
Bohemian Rhapsodyany
78.8%
Killer Queenany
78.8%
Bohemian Rhapsodysympathy,
78.7%
Bohemian Rhapsodydoesn't
78.6%
We Will Rock Youbig
78.3%
We Will Rock Youbig
78.3%
We Will Rock Youbig
78.3%
Bohemian Rhapsodyskies
78.2%
We Are the Championsface,
78.1%
We Will Rock Youface,
78.1%
We Will Rock Youon
77.7%
Don't Stop Me Nowso
77%
Don't Stop Me Nowgonna
76.9%
We Will Rock Yougonna
76.9%
Bohemian Rhapsodybecause
76.7%
Bohemian Rhapsodyway
76%
We Will Rock Youman
74.8%
We Will Rock Youdisgrace—
74.1%
Don't Stop Me Nowgood
74.1%
Don't Stop Me Nowgood
74.1%
Don't Stop Me Nowgood
74.1%
We Will Rock Yougot
73.3%
We Will Rock Youall
73%
We Will Rock Youplace,
72.6%
Killer QueenShe
72.4%
Killer Queenshe
72.4%
We Will Rock Youmud
72.3%
Don't Stop Me Nowdon't
72.2%
Don't Stop Me Nowdon't
72.2%
We Are the ChampionsI've
71.8%
We Are the ChampionsI've
71.8%
We Are the ChampionsI've
71.8%
We Are the ChampionsI've
71.8%
We Are the ChampionsI've
71.8%
We Will Rock Youyou're
71.6%
Don't Stop Me Nowstop
71.2%
Don't Stop Me Nowstop
71.2%
We Will Rock Youover
71.1%
Don't Stop Me Nownow…
71.1%
We Will Rock Yousome
69.7%
We Will Rock Youday.
68.8%
Song Answer % Correct
We Are the Championsafter
68.4%
Don't Stop Me Nowhave
68%
Don't Stop Me Nowcause
67.3%
Don't Stop Me Nowhaving
67.2%
We Will Rock YouBuddy,
67.2%
Don't Stop Me Nowhaving
67.2%
We Will Rock Youcan
66.4%
We Are the Championspaid
64.1%
We Are the Championsdues
64%
We Are the Championsbut
63.9%
We Are the Championsbut
63.9%
We Are the Championscrime.
61.1%
We Will Rock Youkickin'
60.4%
We Are the Championscommitted
60.2%
Don't Stop Me Nowworld—
60.1%
We Will Rock Yousingin'...
58.8%
We Are the Championsmade
58.5%
We Are the Championsfew.
58.5%
Don't Stop Me Nowmyself
58%
We Are the Championsmistakes—
57.8%
We Are the Championssentence,
56.7%
Killer Queenlike
56.6%
Don't Stop Me Nowit
56.3%
We Are the Championsdone
55.4%
We Are the Championshad
55.3%
Don't Stop Me Nowout,
54.7%
Don't Stop Me NowTonight,
54.6%
We Are the Championsthrough.
54.5%
We Will Rock Youstreet,
54.4%
We Are the Championsbad
53.4%
We Will Rock Youmake
52.4%
Killer QueenMarie
51.6%
We Will Rock Younoise—
51.6%
Killer Queenkeeps
51.4%
Don't Stop Me Nowinside
51.1%
Don't Stop Me Nowturn
51%
Don't Stop Me Nowfeel
50.9%
Killer Queencabinet.
49.8%
Killer Queenpretty
49.6%
We Are the Championsof
49.3%
Don't Stop Me Nowalive
49.2%
Killer QueenAntoinette...
48.9%
Killer Queenher
48.4%
Don't Stop Me Nowaround
48%
Don't Stop Me Nowfloating
45%
We Will Rock Youplayin'
44.6%
Don't Stop Me Nowyeah!
44.6%
Killer Queen'Let
42.5%
We Are the Championsshare
42.5%
Don't Stop Me Nowecstasy,
42.5%
We Are the Championskicked
42.2%
Killer Queenthem
41.1%
Killer Queensays
40.5%
Killer QueenMoët
39.8%
Killer Queenfor
39%
Killer Queencake,'
38.9%
Killer Queeneat
38.8%
Killer QueenChandon
35.5%
We Are the Championssand
34.6%
Killer Queencan't
32.1%
Don't Stop Me NowI'll
30.5%
Killer Queenremedy
30.3%
Killer QueenKennedy...
29.6%
Killer Queeninvitation
26.8%
Killer Queendecline.
26.6%
Killer Queenat
25.5%
Killer QueenKhrushchev
22.6%
Killer Queenbuilt-in
18.7%

You're not logged in!

Compare scores with friends on all Sporcle quizzes.
OR
Log In

From the Vault

Name the Movie Sequel

by Panic789

If this game has a sequel, I honestly don't know what we'd call it.
Remove Ads.
Support Sporcle.
Get the best of Sporcle when you Go Orange. This ad-free experience offers more features, more stats, and more fun while also helping to support Sporcle. Thank you for becoming a member.

Show Comments

Extras

Top Quizzes Today


Score Distribution

Your Account Isn't Verified!

In order to create a playlist on Sporcle, you need to verify the email address you used during registration. Go to your Sporcle Settings to finish the process.

Report this User

Report this user for behavior that violates our Community Guidelines.

Details: